00694nam a2200181 450000500170000002000220001704000340003908200160007310000240008924501240011326000590023730000200029665000320031670000240034894200070037299900170037995201160039620251001091058.0 aN/AcTZS 20,000/= aMCCLbeng.eAACR 2nd rev. ed. a344.678 NDI aNditi, Nicholas N.N aThe Open university of Tanzania, Course Materials for the LL.B programme: law of contract Part Ic/ Nicholas N.N. Nditi a Dar es salaam : bOpen university of Tanzania,cc2017 a180p. :c29 cm. a Contracts LawbEast Africa aNditi, Nicholas N.N cBK c11463d11463 00104070aMU002bMU002d2019-09-01ePhotocopyl0o346.678 NDIp002341r2025-10-01 09:12:27t1w2025-10-01yBK